banner

El examen motor del lactante / (Registro nro. 1913)

000 -LEADER
fixed length control field 00885nam a2200253 a 4500
003 - CONTROL NUMBER IDENTIFIER
control field AR-BaISA
005 - DATE AND TIME OF LATEST TRANSACTION
control field 20260406154039.0
007 - PHYSICAL DESCRIPTION FIXED FIELD--GENERAL INFORMATION
fixed length control field ta
008 - FIXED-LENGTH DATA ELEMENTS--GENERAL INFORMATION
fixed length control field 260406s2008 ag ado|f |||| 000 0 spa d
020 ## - INTERNATIONAL STANDARD BOOK NUMBER
International Standard Book Number 9789872323271
040 ## - CATALOGING SOURCE
Language of cataloging spa
Transcribing agency AR-BaISA
082 04 - DEWEY DECIMAL CLASSIFICATION NUMBER
Edition number 22
Classification number 615.542 N719e
100 ## - MAIN ENTRY--PERSONAL NAME
9 (RLIN) 3916
Personal name Noli, Juan José
Relator term aut.
245 13 - TITLE STATEMENT
Title El examen motor del lactante /
Statement of responsibility, etc. Juan José Noli
250 ## - EDITION STATEMENT
Edition statement 3° ed.
260 ## - PUBLICATION, DISTRIBUTION, ETC.
Place of publication, distribution, etc. Mendoza:
Name of publisher, distributor, etc. Editorial de la Universidad del Aconcagua,
Date of publication, distribution, etc. 2008
300 ## - PHYSICAL DESCRIPTION
Extent 251 p.:
Other physical details il., graf., fotos.
504 ## - BIBLIOGRAPHY, ETC. NOTE
Bibliography, etc. note Bibliografía p.: 249-251
505 ## - FORMATTED CONTENTS NOTE
Title EXAMEN MOTOR DEL LACTANTE --
-- DESCRIPCIÓN DEL EXAMEN MOTOR DEL LACTANTE --
-- COMPARACIÓN CON LOS TEST PSICOMOTORES --
-- MANIOBRA DE LA BUFANDA
650 14 - SUBJECT ADDED ENTRY--TOPICAL TERM
9 (RLIN) 1206
Topical term or geographic name entry element Fisioterapia
650 14 - SUBJECT ADDED ENTRY--TOPICAL TERM
9 (RLIN) 1897
Topical term or geographic name entry element Neurología pediátrica
650 10 - SUBJECT ADDED ENTRY--TOPICAL TERM
9 (RLIN) 1085
Topical term or geographic name entry element Trastornos motores en niños
942 ## - ADDED ENTRY ELEMENTS (KOHA)
Source of classification or shelving scheme
Koha item type Libros
Edition 22
Existencias
Withdrawn status Lost status Source of classification or shelving scheme Damaged status Not for loan Permanent Location Current Location Date acquired Inventory number Full call number Barcode Date last seen Price effective from Koha item type
          Biblioteca ISALUD. Dr. Néstor Rodríguez Campoamor Biblioteca ISALUD. Dr. Néstor Rodríguez Campoamor 2026-04-06 2617 615.542 N719e 2617 2026-04-06 2026-04-06 Libros